Bosnian 2010s Music Quiz: Name the Artist - Statistics

General Stats
  • This quiz has been taken 22 times
  • The average score is 8 of 30
Answer Stats
Song Release Date Artist % Correct
Hotel Nacional 2014 Dino Merlin
73%
Kalashnikov 2013 Buba Corelli & Jala
60%
Kažu 2013 Dubioza Kolektiv
53%
Kad zaigra srce od meraka 2013 Halid Bešlić
53%
Prolaze neke slike 2010 Zdravko Čolić
53%
Ruine 2019 Džejla Ramović
47%
Nek’ to budem ja 2019 Amar Gile
40%
Budalo 2017 Lapsus Band
33%
Imaš me 2018 Mirza Selimović
33%
Razbolje se sultan Sulejmane* 2011 Divanhana
27%
Gdje god su moji 2015 Frenkie & Kontra
27%
Da ti k'o čovjek oprostim 2014 Hari Mata Hari
27%
Brko 2010 Laka
27%
Mijenjam ovaj grad 2016 Amel Ćurić
20%
Džehva 2018 Armin Muzaferija
20%
Nedim 2010 Bombaj Štampa
20%
Imam neke fore 2013 Crvena Jabuka
20%
Oko moje 2014 Eldin Huseinbegović
20%
Clash 2014 Sassja
20%
Da si mi sreće donijela 2011 Sejo Boy
20%
Ti voliš sapunice 2013 Zabranjeno Pušenje
20%
Kad boriš se sam 2017 Almas & Tifa
13%
Momačka 2010 Davor Badrov
13%
Imala si oči za mene 2019 Ibro Bublin
13%
Nespretno 2013 Maya Sar
13%
Za one stare dane 2017 Regina
13%
Cijeli moj svijet 2014 Denial Ahmetović
7%
Ne, nisam ja 2013 Divlje Jagode
7%
Pustinja 2011 Neno Murić
7%
Ko je kriv 2010 SMS
7%
No matching quizzes found
Score Distribution
Percent of People with Each Score
Percentile by Number Answered
Your Score History
You have not taken this quiz